Southville International School and Colleges
Your cart is empty.
  • Cart
  • Lists
    Public lists Eva Luna New books Lux_list list_1
    Your lists Log in to create your own lists
  • Log in to your account
  • Your cookies
  • Search history
Southville International School and Colleges
  • Advanced search
  • Recent comments
  • Most popular
  • Libraries

Log in to your account

Log in with GOOGLE


If you do not have an external account, but do have a local account, you can still log in:

  1. Home
  2. MARC view: Networks security, firewalls, and VPNs
Normal view MARC view ISBD view

Networks security, firewalls, and VPNs (Record no. 365862)

[ view plain ]
MARC details
000 -LEADER
fixed length control field 00678nam a22002057a 4500
003 - CONTROL NUMBER IDENTIFIER
control field 0
005 - DATE AND TIME OF LATEST TRANSACTION
control field 20240117074619.0
008 - FIXED-LENGTH DATA ELEMENTS--GENERAL INFORMATION
fixed length control field 240117b xxu||||| |||| 00| 0 eng d
020 ## - INTERNATIONAL STANDARD BOOK NUMBER
International Standard Book Number 978-1-284-18365-8
050 ## - LIBRARY OF CONGRESS CALL NUMBER
Classification number TK 5105.59
Item number .St74 2021
100 ## - MAIN ENTRY--PERSONAL NAME
Personal name Stewart, J. Michael
245 ## - TITLE STATEMENT
Title Networks security, firewalls, and VPNs
Statement of responsibility, etc J. Michael Stewart
250 ## - EDITION STATEMENT
Edition statement Third edition
260 ## - PUBLICATION, DISTRIBUTION, ETC. (IMPRINT)
Place of publication, distribution, etc Burlington, MA
Name of publisher, distributor, etc Jones & Barlett Learning
Date of publication, distribution, etc c2021.
300 ## - PHYSICAL DESCRIPTION
Extent xxiii,481 pages ;
Dimensions 24 cm.
504 ## - BIBLIOGRAPHY, ETC. NOTE
Bibliography, etc Includes bibliographical references, index, and glossary.
650 ## - SUBJECT ADDED ENTRY--TOPICAL TERM
Topical term or geographic name as entry element Firewall (computer security).
650 ## - SUBJECT ADDED ENTRY--TOPICAL TERM
Topical term or geographic name as entry element Computer networks (security measures).
942 ## - ADDED ENTRY ELEMENTS (KOHA)
Source of classification or shelving scheme Library of Congress Classification
Koha item type Books
Holdings
Withdrawn status Lost status Source of classification or shelving scheme Damaged status Home library Current library Shelving location Date acquired Source of acquisition Sub Shelving location Total Checkouts Full call number Barcode Date last seen Price effective from Koha item type
    Library of Congress Classification   College Library College Library Reserve Section 01/17/2024 Library Fund     TK 5105.59 .St74 2021 C23266 01/17/2024 01/17/2024 Books

Networks security, firewalls, and VPNs

APA

Stewart J. M., . (2021). Networks security, firewalls, and VPNs. Burlington, MA: Jones & Barlett Learning.

Chicago

Stewart J Michael, . 2021. Networks security, firewalls, and VPNs. Burlington, MA: Jones & Barlett Learning.

Harvard

Stewart J. M., . (2021). Networks security, firewalls, and VPNs. Burlington, MA: Jones & Barlett Learning.

MLA

Stewart J Michael, . Networks security, firewalls, and VPNs. Burlington, MA: Jones & Barlett Learning. 2021.

  • Place hold
  • Print
  • Cite
  • Add to your cart (remove)
  • Save record
    BIBTEX Dublin Core MARCXML MARC (non-Unicode/MARC-8) MARC (Unicode/UTF-8) MARC (Unicode/UTF-8, Standard) MODS (XML) RIS
  • More searches
    Search for this title in:
    Other Libraries (WorldCat) Other Databases (Google Scholar) Online Stores (Bookfinder.com) Open Library (openlibrary.org)

Exporting to Dublin Core...

SOUTHVILLE LIBRARY

Southville International School and Colleges Library

1281 Tropical Ave. Cor. Luxembourg St., BF Homes International, Las Pinas City

Tel. No. 8256374 / 252358 Loc. 117/146

Powered by Koha